O homem das duas faces (Registo nº 876)

Detalhes MARC
000 -Etiqueta do registo
Cabeçalho 00498 a2200217 4500
005 - Identificador da versão
Campo de controlo 20240819123426.0
021 ## - Número do Depósito Legal
Código do país PT
035 ## - Other System Control Numbers
System Control Number 0000944
System Control Number 0000937
System Control Number 0000923
100 ## - Dados gerais de processamento
Dados gerais de processamento 20090202 m y0pory5003 ba
101 1# - Língua de publicação
Língua do texto, banda sonora, etc. Português
Língua do documento no original Inglês
102 ## - Pais de publicação ou produção
País de publicação Portugal
200 1# - Titulo e menção de responsabilidade
Título próprio O homem das duas faces
Primeira menção de responsabilidade Arthur Hiller
Outras menções de responsabilidade Robert Shaw
210 ## - Publicação, Distribuição, etc. 
Lugar da edição, distribuição, etc. Lisboa
Nome do editor, distribuidor, etc. Filmes Unimundos
215 ## - Descrição física 
Dimensões 112 minutos
225 2# - Colecção 
Título próprio da colecção American film theatre
942 ## - Elementos de entrada adicionados (Koha)
Tipo de item no Koha DVD
966 ## - Identificação da Biblioteca
Sigla NUMETECA
Exemplares
Situação do levantamento Origin of item (home branch) (coded) Biblioteca de empréstimo Código de barras Cota Circulation type (not for loan) Tipo de documento Nota do exemplar Damaged status
  Biblioteca Escolar Eng. Nuno Mergulhão Biblioteca Escolar Eng. Nuno Mergulhão BENM89DVD F HOM 89   DVD Sem mensagem